12 + 2 ποιήματα για την ελληνόφωνη Κάτω Ιταλία και τη Σικελία

Αποθηκεύτηκε σε:
Λεπτομέρειες βιβλιογραφικής εγγραφής
Κύριος συγγραφέας: Σαββίδου-Θεοδούλου, Μόνα 1949-
Μορφή: Βιβλίο
Γλώσσα:Greek
Δημοσίευση: Λευκωσία : Αρμίδα, 2016.
Θέματα:
Ετικέτες: Προσθήκη ετικέτας
Δεν υπάρχουν, Καταχωρήστε ετικέτα πρώτοι!

MARC

LEADER 00000cam a2200000 a 4500
001 1/113202
008 170302s2016####cy | ||| |||| ||gre||
020 |a 9789963255511 
040 |a GR-MyUa  |b gre  |c GR-MyUa  |e AACR2 
041 0 |a gre 
082 7 |a 889.4   |2 (23) 
100 1 |a Σαββίδου-Θεοδούλου, Μόνα  |d 1949- 
245 1 0 |a 12 + 2 ποιήματα για την ελληνόφωνη Κάτω Ιταλία και τη Σικελία /   |c Μόνα Σαββίδου Θεοδούλου. 
260 |a Λευκωσία :   |b Αρμίδα,   |c 2016.  
300 |a 77 σ. ;   |c 21 εκ.  
650 0 |a Greek literature, Modern  |z Cyprus. 
650 0 |a Greek poetry  |z Cyprus. 
650 0 |a Greek poetry, Modern  |z Cyprus. 
651 0 |a Sicily (Italy)  |x Civilization  |x Greek influences. 
852 |a INST  |b RHODES  |e 20170302  |h 889.4 ΣΑΒ  |p 005400039176  |q 005400039176  |t BK  |y 0 
970 |z 02-03-2017